Spanish Speaking Countries and their Capitals - Statistics

General Stats
  • This quiz has been taken 6,708 times
    6,666 since last reset
  • The average score is 14 of 20
Answer Stats
Country Capital % Correct
Mexico Mexico City
96%
Argentina Buenos Aires
87%
Peru Lima
81%
Chile Santiago
81%
Colombia Bogota
79%
Bolivia La Paz
76%
Ecuador Quito
74%
El Salvador San Salvador
74%
Venezuela Caracas
72%
Spain Madrid
70%
Uruguay Montevideo
70%
Panama Panama City
69%
Costa Rica San Jose
68%
Guatemala Guatemala City
67%
Cuba Havana
65%
Paraguay Asuncion
64%
Nicaragua Managua
57%
Dominican Republic Santo Domingo
56%
Puerto Rico San Juan
55%
Honduras Tegucigalpa
54%
No matching quizzes found
Score Distribution
Percent of People with Each Score
Percentile by Number Answered
Your Score History
You have not taken this quiz since the last reset